Nhūpukhū. (Record no. 77096)

MARC details
000 -LEADER
fixed length control field 00571cam a22002291 4500
001 - CONTROL NUMBER
control field sa 68000288
003 - CONTROL NUMBER IDENTIFIER
control field DLC
005 - DATE AND TIME OF LATEST TRANSACTION
control field 20260227112422.0
008 - FIXED-LENGTH DATA ELEMENTS--GENERAL INFORMATION
fixed length control field 941010q19581959np 000 1 newo
010 ## - LIBRARY OF CONGRESS CONTROL NUMBER
LC control number sa 68000288
020 ## - INTERNATIONAL STANDARD BOOK NUMBER
Terms of availability Re1
025 ## - OVERSEAS ACQUISITION NUMBER
Overseas acquisition number PL480:N-249
035 ## - SYSTEM CONTROL NUMBER
System control number (OCoLC)31253479
040 ## - CATALOGING SOURCE
Original cataloging agency DLC
Transcribing agency CU
Modifying agency CU
-- TxU
-- DLC
042 ## - AUTHENTICATION CODE
Authentication code premarc
050 00 - LIBRARY OF CONGRESS CALL NUMBER
Classification number AC125.N4
Item number K3
100 1# - MAIN ENTRY--PERSONAL NAME
Personal name Kasā, Premabahādura,
Dates associated with a name 1918-
245 10 - TITLE STATEMENT
Title Nhūpukhū.
260 ## - PUBLICATION, DISTRIBUTION, ETC.
Place of publication, distribution, etc. Kāntipura :
Name of publisher, distributor, etc. Cvasā Pāsā ;
Date of publication, distribution, etc. [1958 or 9]
300 ## - PHYSICAL DESCRIPTION
Extent 4, 43 p.
Dimensions 19 cm.
500 ## - GENERAL NOTE
General note In Newari.

No items available.

Powered by Koha